Loading...
| Popular Culture | 0 | 2 | 0 | 1 | 20 | 36 | 69.00 | 0 | 1 | 10.89 | 14.29 |
| Literature - European | 0 | 2 | 0 | 0 | 20 | 74 | 83.00 | 0 | 0 | 5.09 | 7.91 |
| History - World | 0 | 1 | 0 | 1 | 10 | 62 | 62.00 | 0 | 0 | 3.80 | 2.08 |
| Literature - American | 0 | 1 | 0 | 1 | 10 | 93 | 93.00 | 0 | 0 | 1.35 | 3.85 |
| Mythology | 0 | 1 | 0 | 0 | 10 | 72 | 72.00 | 0 | 0 | 2.56 | 2.78 |
| Fine Arts - Classical Music | 0 | 1 | 0 | 0 | 10 | 95 | 95.00 | 0 | 0 | 1.79 | 4.17 |
| History - European | 0 | 1 | 0 | 0 | 10 | 41 | 41.00 | 0 | 0 | 5.02 | 4.17 |
| Science - Other | 0 | 1 | 0 | 0 | 10 | 71 | 71.00 | 0 | 0 | 3.00 | 5.56 |
| Social Science | 0 | 1 | 0 | 0 | 10 | 50 | 50.00 | 0 | 1 | 5.77 | 7.41 |
| Literature - World | 0 | 0 | 1 | 0 | -5 | 0.00 | 0 | 0 | 0.00 | 0.00 | |
| Science - Chemistry | 0 | 0 | 1 | 0 | -5 | 0.00 | 0 | 0 | 0.00 | 0.00 |